000 00356nam a2200145Ia 4500
008 150201s2003 xx 000 0 und d
082 _a615.321
_bP2003G
100 _aGUPTA,L.C.
245 _aHANDBOOK OF PHARMACOLOGY FOR DENTAL STUDENTS
250 _a2ND
260 _bAITBS
_aDELHI
_c2003
300 _a1-134
650 _aPHARMACOLOGY
942 _2ddc
_cBK
999 _c2849
_d2849